000 01201ngm a22003370a 4500
001 PT39912
003 AR-LpoUNG
005 20210201235848.0
007 vd cvaizq
008 191001ss. f||||ag |||||||||||||||||spa d
037 _c$13.75
040 _aAR-LpoUNG
_bspa
_cAR-LpoUNG
_eaacr
041 _aspa
044 _aag
082 0 _a822.991 5 394esp
100 1 _aBeckett, Samuel
245 1 0 _aEsperando a Godot
260 _aBuenos Aires :
_bBlackman,
_cs. f..
300 _aDVD (138 min.) : son., col.
505 0 _aBasada en puesta original de Samuel Beckett. - Elenco: Bud Thorpe, Lawrence Held, Rick Cluchey, Alan Mandell, Louis Beckett.
520 _aEminentemente simbólica, imbuida de ilógica aparente y de carácter metafísico-filosófico, la obra, una tragicomedia con toques de farsa desarrollada en dos actos, ahonda en la soledad y la desazón de un ser humano a la deriva, siempre a la espera de un contacto, de un posible amparo que no llega
650 4 _aDRAMA
650 4 _aLITERATURA
650 4 _aTEATRO
651 4 _aDOCUMENTOS TEORICOS O METODOLOGICOS
653 _aCINE
653 _aCOMEDIA
653 _aVIDEOS
905 _a39912
942 _cDVD
999 _c53635
_d53635